Top 50 Baby Girl Names Beginning with H - Statistics

General Stats
  • This quiz has been taken 355 times
  • The average score is 24 of 50
Answer Stats
Hint Answer % Correct
28 Hana
90%
21 Hanna
90%
3 Hannah
90%
38 Hailee
87%
4 Hailey
87%
20 Haley
87%
29 Haylee
87%
24 Hayley
87%
18 Holly
78%
16 Helen
76%
19 Helena
69%
42 Heather
68%
1 Harper
67%
37 Harriet
65%
2 Hazel
60%
7 Hope
60%
27 Harlee
58%
35 Harleigh
58%
8 Harley
58%
47 Harlie
58%
32 Halle
56%
13 Hallie
56%
15 Heaven
52%
49 Haddie
51%
17 Hattie
51%
31 Hadlee
49%
34 Hadleigh
49%
5 Hadley
49%
14 Heidi
48%
25 Harmoni
44%
48 Harmonie
44%
6 Harmony
44%
10 Haven
44%
9 Hayden
38%
11 Harlow
35%
30 Hunter
25%
36 Heavenly
20%
46 Harlyn
18%
22 Henley
17%
43 Hollyn
17%
44 Hollis
15%
12 Haisley
14%
50 Haizley
14%
26 Holland
14%
33 Halo
13%
40 Honesty
10%
41 Harlem
8%
23 Hadassah
7%
39 Hensley
6%
45 Huntleigh
3%
No matching quizzes found
Score Distribution
Percent of People with Each Score
Percentile by Number Answered
Your Score History
You have not taken this quiz